مواقف المادية والثورة : (Record no. 8116)
[ view plain ]
| 000 -الفاتح | |
|---|---|
| حقل البيانات ثابتة الطول | 00642nac a22001571u 4500 |
| 008 - عناصر البيانات ثابتة الطول - معلومات عامة | |
| حقل البيانات ثابتة الطول | 100719s1965 le||||| |||| 00| 0 ara d |
| 082 ## - رقم تصنيف ديوى العشرى | |
| رقم التصنيف | 146.3 |
| رقم المادة | س ا ر |
| 245 ## - بيان العنوان | |
| العنوان | مواقف المادية والثورة : |
| بقية العنوان | دراسات فلسفية / |
| بيان المسئوليه,etc | جان بول سارتر ؛ ترجمة عبد الفتاح الديدى |
| 260 ## - PUBLICATION, DISTRIBUTION, ETC. (IMPRINT) | |
| مكان الناشر او الموزع | بيروت |
| اسم الناشر او الموزع | منشورات دار الادب،1965 |
| تاريخ النشر أو التوزيع | 1965 |
| 300 ## - الوصف المادى | |
| التعداد | 253 ص : |
| تفاصيل ماديه اخرى للوعاء | ايض ; |
| أبعاد الوعاء | 24 سم |
| 511 ## - | |
| -- | Catalogued by: Sara |
| 541 ## - تبصرة المصدر المباشر للتزويد | |
| مصدر التزويد | الف باء؛ |
| طريقة التزويد | شراء؛ |
| 650 ## - المدخل الاضافى بالموضوع-مصطلح موضوعى | |
| مصطلح موضوعي أو اسم جغرافي كعنصر مدخل | المادية (فلسفة) |
| 9 (RLIN) | 22342 |
| 700 ## - المدخل الاضافى - اسم شخصى | |
| الإسم الشخصى | Al Deydey, Abd Al Fatah |
| 9 (RLIN) | 16406 |
| 942 ## - عناصر المدخل الإضافي( كوها) | |
| Koha [default] item type | Book - Borrowing |
| سابقة رقم الطلب | 146.3س ا ر |
| مصدر التصنيف او مخطط الترفيف | Dewey Decimal Classification |
| حالة التراجع | حالة الفقد | مصدر التصنيف او خطة الترفيف | حالة تلف | ليس للاعارة | مجموعات كوها | المكان الدائم | المكان الحالي | موقع الترفيف | تاريخ الاكتساب | Source of acquisition | رقم الاستدعاء | الباركود | Date last seen | مُعار | نوع الوعاء |
|---|---|---|---|---|---|---|---|---|---|---|---|---|---|---|---|
| Dewey Decimal Classification | Alef-Baa | Central Library | Central Library | Lower Floor | 24/02/2008 | 146.3 س ا ر | 000010058 | 15/07/2025 | 20/10/2015 | Book - Borrowing |